Chant a Majorque / (Record no. 59473)

MARC details
000 -LEADER
campo de control de longitud fija 00545nam a2200181 i 4500
001 - NÚMERO DE CONTROL
campo de control 59473
003 - IDENTIFICADOR DE NÚMERO DE CONTROL
campo de control ES-MaACL
005 - FECHA Y HORA DE LA ÚLTIMA TRANSACCIÓN
campo de control 20230906164035.0
007 - CAMPO FIJO DE DESCRIPCIÓN FÍSICA--INFORMACIÓN GENERAL
campo de control de longitud fija t|
008 - DATOS DE LONGITUD FIJA--INFORMACIÓN GENERAL
campo de control de longitud fija 031029s1953 sp ||||1| fre d
100 1# - ENTRADA PRINCIPAL--NOMBRE DE PERSONA
Nombre de persona Ensenyat, Bartolomé.
9 (RLIN) 47294
245 10 - MENCIÓN DEL TÍTULO
Título Chant a Majorque /
Mención de responsabilidad, etc. B. Ensenyat ; [traduction l'abbé J. Pons].
260 ## - PUBLICACIÓN, DISTRIBUCIÓN, ETC.
Lugar de publicación, distribución, etc. Palma de Majorque :
Nombre del editor, distribuidor, etc. Clumba,
Fecha de publicación, distribución, etc. 1953 (
Fabricante Soler)
300 ## - DESCRIPCIÓN FÍSICA
Extensión 76 p., 40 lám. ;
Dimensiones 17 cm.
500 ## - NOTA GENERAL
Nota general Las 3 últimas son de música.
700 1# - ENTRADA AGREGADA--NOMBRE PERSONAL
Nombre de persona Pons, J.
9 (RLIN) 92990
852 ## - LOCALIZACIÓN
Ubicación ES-MaACL
Número de control de estantería D-8881
Sublocalización o colección R.34270
Holdings
Estatus retirado Estado de pérdida Estado de daño No para préstamo Biblioteca de origen Biblioteca actual Ubicación en estantería Fecha de adquisición Fuente de adquisición Total de préstamos Signatura topográfica completa Código de barras Visto por última vez Precio de reemplazo Tipo de ítem Koha
        Biblioteca del Ateneo de Madrid Biblioteca del Ateneo de Madrid Sala Valle Inclán 17/01/2008     D-8881 901062380 23/02/2023 23/02/2023 Libro impreso